000 00309nam a22001337a 4500
008 181024b xxu||||| |||| 00| 0 eng d
020 _a9780073401423
041 _aeng
080 _2 8 ED
_a781
100 _a45
101 _aMUZ
245 _aMusic The Art O f Listering
_cFerris.J
942 _2udc
_cBK
999 _c50866
_d50866